000 00649nam a2200205Ia 4500
005 20260601193243.0
008 260601s9999||||xx |||||||||||||| ||und||
020 _a978-3-031-61950-2
_qebk
100 _aConstantine Stephanidis
245 0 _aHCI International 2024 Posters
250 _a2024
260 _aHeidelberg, Germany
_bSpringer Nature
_c2024
440 _aCommunications in Computer and Information Science
650 _aComputer Science
700 _aGavriel Salvendy
700 _aMargherita Antona
700 _aStavroula Ntoa
856 _uhttps://link.springer.com/openurl?genre=book&isbn=978-3-031-61950-2
942 _cEB
_2ddc
999 _c56480
_d56480